Największe miasta w Mazowieckim na każdą literę - Statystyki

Ogólne statystyki
  • Ten quiz został rozwiązany 102 razy
  • Średni wynik to 12 z 20
Statystyki odpowiedzi
Litera Miasto % Poprawnych
W Warszawa
99%
R Radom
92%
P Płock
89%
S Siedlce
82%
O Ostrołęka
80%
Ż Żyrardów
78%
L Legionowo
75%
M Mińsk Mazowiecki
73%
C Ciechanów
72%
N Nowy Dwór Mazowiecki
70%
G Grodzisk Mazowiecki
64%
Z Ząbki
61%
Ł Łomianki
54%
J Józefów
47%
H Halinów
42%
I Iłża
41%
B Brwinów
35%
T Tłuszcz
35%
K Kobyłka
33%
D Drobin
27%
Nie znaleziono quizów pasujących do podanych kryteriów
Rozkład punktacji
Procent ludzi z każdym wynikiem
Percentyl według liczby udzielonych odpowiedzi
Twoja historia wyników
Nie rozwiązałeś tego quizu